|
|
|
|
| LEADER |
03133nam a22003977a 4500 |
| 001 |
42426 |
| 003 |
BD-DhAAL |
| 005 |
20250601165054.0 |
| 008 |
240324t2024 bg a|||| b||| 001 0 ben d |
| 020 |
|
|
|a 9789845064767
|
| 040 |
|
|
|a BD-DhAAL
|c BD-DhAAL
|
| 041 |
|
|
|a ben
|
| 082 |
|
|
|a 372.1102
|2 23
|
| 245 |
|
|
|a প্রান্তজনের শিক্ষায় উদ্ভাবন :
|b ব্র্যাকের অভিযাত্রা /
|c শফিকুল ইসলাম ... [et al.].
|
| 246 |
|
|
|a Prantajoner shikkhay udbhaban :
|b BRAC-er abhijatra
|
| 264 |
|
|
|a ঢাকা :
|b ইউনিভার্সিটি প্রেস লিমিটেড,
|c ২০২৪.
|
| 300 |
|
|
|a xxvi, ২০৩ পৃষ্ঠা :
|b চিত্র ;
|c ২২ সে. মি.
|
| 500 |
|
|
|a নির্ঘণ্ট অন্তর্ভুক্ত।
|
| 541 |
|
|
|a Compliments of the BRAC Education Programme, BRAC Head Office ; Complimentary copy (Found in the BRAC University Librarian's room)
|e 42426, 43040, 44444, 44445, 44446
|
| 650 |
|
|
|a Elementary school teaching.
|9 58425
|
| 650 |
|
|
|a Education, Primary
|x Curricula.
|9 58425
|
| 650 |
|
|
|a Education, Primary
|x Activity programs.
|9 58426
|
| 650 |
|
|
|a Education, Primary
|x Computer-assisted instruction.
|9 58427
|
| 700 |
|
|
|a ইসলাম, শফিকুল.
|9 56177
|
| 700 |
|
|
|a বর্মন, প্রফুল্ল চন্দ্র.
|9 56177
|
| 700 |
|
|
|a ইসলাম, এম নজরুল.
|9 22378
|
| 700 |
|
|
|a নিউটন, বি. এ. ওয়াহিদ.
|9 56178
|
| 710 |
|
|
|a BRAC.
|
| 852 |
|
|
|a Ayesha Abed Library
|c General Stacks
|
| 942 |
|
|
|2 ddc
|c BK
|
| 999 |
|
|
|c 46479
|d 46479
|
| 952 |
|
|
|0 0
|1 0
|2 ddc
|4 0
|6 372_110200000000000_PRA
|7 1
|9 75288
|a BRACUL
|b BRACUL
|c BRS
|d 2024-03-24
|e Compliments of the BRAC Education Programme, BRAC Head Office
|g 600.00
|l 0
|o 372.1102 PRA
|p 3010042426
|r 2024-03-24
|t 1
|w 2024-03-24
|y BK
|x Compliments of the BRAC Education Programme, BRAC Head Office
|
| 952 |
|
|
|0 0
|1 0
|2 ddc
|4 0
|6 372_110200000000000_PRA
|7 1
|9 76094
|a BRACUL
|b BRACUL
|c BRS
|d 2024-09-03
|e Compliments of the BRAC Education Programme, BRAC Head Office
|g 600.00
|l 0
|o 372.1102 PRA
|p 3010043040
|r 2024-09-03
|t 2
|w 2024-09-03
|y BK
|x Compliments of the BRAC Education Programme, BRAC Head Office
|
| 952 |
|
|
|0 0
|1 0
|2 ddc
|4 0
|6 372_110200000000000_PRA
|7 1
|9 77822
|a BRACUL
|b BRACUL
|c BRS
|d 2025-06-01
|e Compliments of the BRAC Education Programme, BRAC Head Office
|g 620.00
|l 0
|o 372.1102 PRA
|p 3010044444
|r 2025-06-01
|t 3
|w 2025-06-01
|y BK
|x Compliments of the BRAC Education Programme, BRAC Head Office
|
| 952 |
|
|
|0 0
|1 0
|2 ddc
|4 0
|6 372_110200000000000_PRA
|7 1
|9 77823
|a BRACUL
|b BRACUL
|c BRS
|d 2025-06-01
|e Compliments of the BRAC Education Programme, BRAC Head Office
|g 620.00
|l 0
|o 372.1102 PRA
|p 3010044445
|r 2025-06-01
|t 4
|w 2025-06-01
|y BK
|x Compliments of the BRAC Education Programme, BRAC Head Office
|
| 952 |
|
|
|0 0
|1 0
|2 ddc
|4 0
|6 372_110200000000000_PRA
|7 0
|9 77824
|a BRACUL
|b BRACUL
|c GEN
|d 2025-06-01
|e Complimentary copy (Found in the BRAC University librarian's room)
|g 620.00
|l 0
|o 372.1102 PRA
|p 3010044446
|r 2025-06-01
|t 5
|w 2025-06-01
|y BK
|x Complimentary copy (Found in the BRAC University Librarian's room)
|